| 000 | 00784nam a2200253 a 4500 | ||
|---|---|---|---|
| 001 | BRL_328 | ||
| 005 | 20190320210704.0 | ||
| 008 | 290713s1976----gt-a######---#000-0#spa-# | ||
| 041 | _aspa | ||
| 044 | _agt | ||
| 050 | 4 |
_aF1435.3 _b.C63 1976 |
|
| 245 | 1 | 0 |
_aCódices mayas _creproducidos y desarrollados por J. Antonio Villacorta C. y Carlos A. Villacorta. |
| 250 | _a2 | ||
| 260 |
_aGuatemala _b[Tipografía Nacional] _c1976 |
||
| 300 |
_a450 p. _bil. _c26 cm. |
||
| 500 | _aAu282 | ||
| 650 | 1 | 4 |
_aManuscritos mayas _923560 |
| 650 | 1 | 4 |
_aLenguas mayas _xEscritura _923561 |
| 650 | 1 | 4 |
_aMitología maya _99659 |
| 700 | 1 |
_aVillacorta C., J. Antonio _d1879- _q(José Antonio Villacorta Calderón) _923562 |
|
| 700 | 1 |
_aVillacorta, Carlos A. _923563 |
|
| 902 | _aGRL | ||
| 942 |
_2lcc _cB |
||
| 999 |
_c9141 _d9141 |
||